Equatorial Guinea : EIU country profile 2002/ 2003.
| Format: | Book |
|---|---|
| Published: |
[London]:
The Economist Intelligence Unit,
2002.
|
| Subjects: |
| LEADER | 00496cam a2200145 7i4500 | ||
|---|---|---|---|
| 001 | 0000012039 | ||
| 005 | 20030425090000.0 | ||
| 090 | 0 | 0 | |a EQGU 330.9 |b EQU |
| 245 | 0 | 0 | |a Equatorial Guinea : |b EIU country profile 2002/ 2003. |
| 260 | 0 | 0 | |a [London]: |b The Economist Intelligence Unit, |c 2002. |
| 300 | # | # | |a 30 p. |
| 650 | 0 | 0 | |a Economic conditions -- |z Equatorial Guinea |
| 650 | 0 | 0 | |a Equatorial Guinea -- |x Country profile |
| 651 | 0 | 0 | |a Equatorial Guinea |
| 999 | |a B000014125 |b Book |c Countries |e Business Information Centre | ||